Welcome to CU Library Online Public Access Catalogue (OPAC)

Engineering design communication : (Record no. 8433)

MARC details
000 -LEADER
fixed length control field 00738cam a22002174a 4500
001 - CONTROL NUMBER
control field 11761510
005 - DATE AND TIME OF LATEST TRANSACTION
control field 20251129131004.0
008 - FIXED-LENGTH DATA ELEMENTS--GENERAL INFORMATION
fixed length control field 990729s2000 njua b 001 0 eng
020 ## - INTERNATIONAL STANDARD BOOK NUMBER
International Standard Book Number 0201331519
Qualifying information pbk.
020 ## - INTERNATIONAL STANDARD BOOK NUMBER
International Standard Book Number 9780201331516
Qualifying information (pbk.)
050 00 - LIBRARY OF CONGRESS CALL NUMBER
Classification number TA337
Item number .L63 2000
082 00 - DEWEY DECIMAL CLASSIFICATION NUMBER
Classification number 620/.0042
Edition information 21
100 1# - MAIN ENTRY--PERSONAL NAME
Personal name Lockhart, Shawna D.,
Dates associated with a name 1957-
245 10 - TITLE STATEMENT
Title Engineering design communication :
Remainder of title conveying design through graphics /
Statement of responsibility, etc. Shawna D. Lockhart, Cindy M. Johnson.
260 ## - PUBLICATION, DISTRIBUTION, ETC.
Place of publication, distribution, etc. Upper Saddle River, NJ :
Name of publisher, distributor, etc. Prentice Hall,
Date of publication, distribution, etc. c2000.
300 ## - PHYSICAL DESCRIPTION
Extent xxiii, 719 p. :
Other physical details ill. (some col.) ;
Dimensions 26 cm.
650 #0 - SUBJECT ADDED ENTRY--TOPICAL TERM
Topical term or geographic name entry element Engineering design
General subdivision Graphic methods.
650 #0 - SUBJECT ADDED ENTRY--TOPICAL TERM
Topical term or geographic name entry element Engineering graphics.
700 1# - ADDED ENTRY--PERSONAL NAME
Personal name Johnson, Cindy M.
942 ## - ADDED ENTRY ELEMENTS (KOHA)
Source of classification or shelving scheme Library of Congress Classification
Koha item type Books
Suppress in OPAC No
999 ## -
-- 8433
-- 8433
Holdings
Withdrawn status Lost status Source of classification or shelving scheme Damaged status Not for loan Collection Home library Current library Shelving location Date acquired Total checkouts Full call number Barcode Date last seen Copy number Price effective from Koha item type
    Library of Congress Classification     Non-fiction Science Library (Miotso) Science Library (Miotso) General stacks 11/29/2025   TA337 .L63 LOC SLM00006392 11/29/2025 1 11/29/2025 Books
    Library of Congress Classification     Non-fiction Science Library (Miotso) Science Library (Miotso) General stacks 11/29/2025   TA337 .L63 LOC SLM00006393 11/29/2025 2 11/29/2025 Books
© 2023-2024 Copyright: Central University Libraries. All Rights Reserved | Created by: Mahone Tech Office